Your home mortgage /

Bibliographic Details
Main Author: Thomsett, Michael C.
Format: Book
Language:English
Published: New York : Wiley, [1992]
Series:ICFP personal wealth building guides.
Subjects:

MARC

Tag First Indicator Second Indicator Subfields
LEADER 00000cam a22000008a 4500
001 in00001059607
005 20150929102209.0
008 911002s1992 nyu 001 0 eng
010 |a  91037900  
020 |a 0471548286 (cloth) 
020 |a 0471548294 (paper) 
035 |a (OCoLC)24628143 
035 |9 AFP3470AM 
040 |a DLC  |c DLC  |d UtOrBLW 
043 |a n-us--- 
049 |a TXAM 
050 0 0 |a HG2040.5.U5  |b T48 1992 
082 0 0 |a 332.7/22/0973  |2 20 
100 1 |a Thomsett, Michael C. 
245 1 0 |a Your home mortgage /  |c Michael C. Thomsett. 
263 |a 9205 
264 1 |a New York :  |b Wiley,  |c [1992] 
264 4 |c ©1992 
300 |a 221 pages :  |b illustrations 
336 |a text  |b txt  |2 rdacontent 
337 |a unmediated  |b n  |2 rdamedia 
338 |a volume  |b nc  |2 rdacarrier 
490 1 |a ICFP personal wealth building guides 
500 |a Includes index. 
650 0 |a Mortgage loans  |z United States. 
650 0 |a Mortgage loans  |z United States  |x Refinancing. 
830 0 |a ICFP personal wealth building guides. 
999 |a MARS 
999 f f |s 572d60e8-619d-384b-ae2e-ec0f551c1495  |i 940f4696-dad0-3f2e-a674-d48c95efbd52  |t 0 
952 f f |p ric  |a Texas A&M University  |b Rellis Campus  |c Joint Library Facility  |d Remote Storage  |t 0  |e HG2040.5.U5 T48 1992  |h Library of Congress classification  |i unmediated -- volume  |m A14816214012 
998 f f |a HG2040.5.U5 T48 1992  |t 0  |l Remote Storage